000
00275nam a2200109Ia 4500
008
230320s9999||||xx |||||||||||||| ||spa||
082
_a
869.5009/B81
100
_a
Bravo, Jose Antonio
245
0
_a
La Generacion Del 50; Antologia
260
_b
OKURA EDITORES
942
_8
0
_c
LIB
999
_c
24391
_d
24391